[Event "BCF-chT3 1011 (4NCL)"]
[Site "England"]
[Date "2011.04.30"]
[Round "9.47"]
[White "Burt, William"]
[Black "Booley, Graham"]
[Result "0-1"]
[WhiteElo "1964"]
[BlackElo "1790"]
[PlyCount "74"]
[EventDate "2010.11.06"]
[EventType "team-swiss"]
[EventRounds "9"]
[EventCountry "ENG"]
[SourceTitle "EXT 2012"]
[Source "ChessBase"]
[SourceDate "2011.11.24"]
[SourceVersion "1"]
[SourceVersionDate "2011.11.24"]
[SourceQuality "1"]
[WhiteTeam "Oxford III"]
[BlackTeam "e2e4.org.uk IV"]
[WhiteTeamCountry "ENG"]
[BlackTeamCountry "ENG"]

1. e4 e5 2. f4 d6 3. Nf3 Bg4 4. Bc4 Bxf3 5. Qxf3 Nd7 6. 0-0 Qf6 7. d3 0-0-0 8. Qe3 Kb8 9. Qe1 Qg6 10. Na3 Nb6 11. Qa5 Ne7 12. Be3 Nc6 13. Qd2 d5 14. f5 Qd6 15. Nb5 Qb4 16. c3 Nxc4 17. dxc4 Qxc4 18. a4 Bc5 19. exd5 Rxd5 20. Qf2 Bxe3 21. Qxe3 f6 22. Qg3 Rd7 23. b4 Rhd8 24. Na3 Qd3 25. Rf3 Qd5 26. Re1 Qd2 27. Nc4 Qa2 28. Qg4 Nd4 29. Rh3 h6 30. Nxe5 fxe5 31. cxd4 Rxd4 32. Qxg7 Rg8 33. Ra3 Qd5 34. f6 Rxg7 35. fxg7 Rg4 36. Rf3 Qxf3 37. Rf1 Qxg2# 0-1

[Event "BCF-chT3 0910 (4NCL)"]
[Site "England"]
[Date "2010.02.20"]
[Round "5.2"]
[White "Burt, William"]
[Black "White, Martin"]
[Result "0-1"]
[WhiteElo "2162"]
[BlackElo "1914"]
[PlyCount "60"]
[EventDate "2009.10.24"]
[EventType "team-tourn"]
[EventRounds "11"]
[EventCountry "ENG"]
[SourceTitle "EXT 2011"]
[Source "ChessBase"]
[SourceDate "2010.11.26"]
[SourceVersion "1"]
[SourceVersionDate "2010.11.26"]
[SourceQuality "1"]
[WhiteTeam "Oxford II"]
[BlackTeam "Bristol III"]
[WhiteTeamCountry "ENG"]
[BlackTeamCountry "ENG"]

1. e4 c5 2. Nf3 g6 3. d4 cxd4 4. Qxd4 Nf6 5. Nc3 Nc6 6. Qe3 d6 7. Bc4 Bg7 8. 0-0 0-0 9. h3 Nd7 10. Bb3 Nc5 11. Rd1 Nxb3 12. axb3 Bd7 13. Qf4 Rc8 14. Qh4 f6 15. e5 dxe5 16. Bh6 Qe8 17. Ra4 Bf5 18. Ne4 Rd8 19. Rxd8 Qxd8 20. Bd2 Bxe4 21. Qxe4 Qd6 22. Be3 a6 23. Rc4 Rd8 24. Rc3 f5 25. Qh4 e4 26. Ng5 h6 27. Nxe4 fxe4 28. Rc4 Qe5 29. Bf4 Qf5 30. Kf1 g5 0-1

[Event "BCF-chT3 0910 (4NCL)"]
[Site "England"]
[Date "2009.10.24"]
[Round "1.2"]
[White "Moyse, Nigel John"]
[Black "Burt, William"]
[Result "1-0"]
[WhiteElo "2055"]
[BlackElo "2162"]
[PlyCount "73"]
[EventDate "2009.10.24"]
[EventType "team-tourn"]
[EventRounds "11"]
[EventCountry "ENG"]
[SourceTitle "EXT 2011"]
[Source "ChessBase"]
[SourceDate "2010.11.26"]
[SourceVersion "1"]
[SourceVersionDate "2010.11.26"]
[SourceQuality "1"]
[WhiteTeam "Southern Counties Stars"]
[BlackTeam "Oxford II"]
[WhiteTeamCountry "ENG"]
[BlackTeamCountry "ENG"]

1. Nf3 d5 2. d4 c6 3. e3 e6 4. Bd3 f5 5. g4 Nf6 6. g5 Ne4 7. h4 Bd6 8. Ne5 Bxe5 9. dxe5 Nd7 10. f3 0-0 11. Bxe4 fxe4 12. f4 b6 13. Nc3 a5 14. b3 Ba6 15. Ba3 Nxe5 16. fxe5 Rf3 17. Qd2 b5 18. Bc5 Qc7 19. Qd4 Qf7 20. Ne2 b4 21. Nf4 Rxf4 22. exf4 Qxf4 23. Qe3 Qg4 24. Rd1 Qg2 25. Rg1 Qh2 26. Qf2 Qxe5 27. Bd4 Qc7 28. Qg3 Qf7 29. g6 hxg6 30. Qxg6 e5 31. Qxf7+ Kxf7 32. Bxe5 Ke6 33. Bxg7 c5 34. h5 Rg8 35. Rg6+ Kf5 36. Rxd5+ Kf4 37. Bh6+ 1-0

[Event "BCF-chT3 0809 (4NCL)"]
[Site "Hinckley Island"]
[Date "2009.05.04"]
[Round "11.3"]
[White "Burt, William"]
[Black "Lewyk, Ihor"]
[Result "1-0"]
[WhiteElo "2050"]
[BlackElo "2152"]
[PlyCount "55"]
[EventDate "2008.10.18"]
[EventType "team-swiss"]
[EventRounds "11"]
[EventCountry "ENG"]
[SourceTitle "EXT 2010"]
[Source "ChessBase"]
[SourceDate "2010.11.25"]
[SourceVersion "1"]
[SourceVersionDate "2010.11.25"]
[SourceQuality "1"]
[WhiteTeam "Oxford II"]
[BlackTeam "WRO II"]
[WhiteTeamCountry "ENG"]
[BlackTeamCountry "ENG"]

1. e4 d5 2. exd5 Qxd5 3. Nc3 Qa5 4. Bc4 Nf6 5. d4 c6 6. Bd2 Bf5 7. Nf3 Nbd7 8. Qe2 Qc7 9. 0-0-0 Nb6 10. Bb3 Nbd5 11. Ne5 Be6 12. Nxd5 Bxd5 13. c4 Bxg2 14. Rhe1 Be4 15. Bf4 Qc8 16. d5 Qf5 17. Bg3 g6 18. Qd2 Nh5 19. Rxe4 Nxg3 20. dxc6 Bh6 21. Qxh6 Qxe4 22. hxg3 bxc6 23. Qg7 Rf8 24. Ba4 Rc8 25. Rd8+ Kxd8 26. Qxf8+ Kc7 27. Qxe7+ Kb6 28. Nd7+ 1-0

[Event "BCF-chT3 0809 (4NCL)"]
[Site "Hinckley Island"]
[Date "2009.05.03"]
[Round "10.1"]
[White "Gibson, Christopher A"]
[Black "Burt, William"]
[Result "0-1"]
[WhiteElo "1990"]
[BlackElo "2050"]
[PlyCount "68"]
[EventDate "2008.10.18"]
[EventType "team-swiss"]
[EventRounds "11"]
[EventCountry "ENG"]
[SourceTitle "EXT 2010"]
[Source "ChessBase"]
[SourceDate "2010.11.25"]
[SourceVersion "1"]
[SourceVersionDate "2010.11.25"]
[SourceQuality "1"]
[WhiteTeam "Leicester II"]
[BlackTeam "Oxford III"]
[WhiteTeamCountry "ENG"]
[BlackTeamCountry "ENG"]

1. d4 d5 2. c4 e5 3. dxe5 d4 4. Nf3 Nc6 5. a3 Be6 6. b4 Qd7 7. Nbd2 f6 8. exf6 Nxf6 9. Bb2 0-0-0 10. Qa4 a6 11. b5 Nb8 12. Bxd4 c5 13. Bc3 Bd6 14. e3 Ng4 15. Be2 Rde8 16. Ne4 Bf5 17. Nxd6+ Qxd6 18. Rd1 Qh6 19. Bd2 Rhf8 20. bxa6 Nxa6 21. Qb3 Nb8 22. Bd3 Bd7 23. Be2 Bc6 24. Ba5 Nd7 25. Nd4 Rxf2 26. Rd3 cxd4 27. Bxg4 Rxg2 28. Bxd7+ Bxd7 29. Rf1 Qh4+ 30. Kd1 Qg4+ 31. Kc1 Qe2 32. Rfd1 Ba4 33. R3d2 Bxb3 34. Rxe2 Rxe2 0-1

[Event "BCF-chT3 0809 (4NCL)"]
[Site "Hinckley Island"]
[Date "2009.05.02"]
[Round "9.3"]
[White "Burt, William"]
[Black "Ireland, David J"]
[Result "0-1"]
[WhiteElo "2050"]
[BlackElo "1997"]
[PlyCount "48"]
[EventDate "2008.10.18"]
[EventType "team-swiss"]
[EventRounds "11"]
[EventCountry "ENG"]
[SourceTitle "EXT 2010"]
[Source "ChessBase"]
[SourceDate "2010.11.25"]
[SourceVersion "1"]
[SourceVersionDate "2010.11.25"]
[SourceQuality "1"]
[WhiteTeam "Oxford II"]
[BlackTeam "Leicester II"]
[WhiteTeamCountry "ENG"]
[BlackTeamCountry "ENG"]

1. e4 c5 2. Nf3 d6 3. d4 cxd4 4. Nxd4 Nf6 5. Nc3 g6 6. Be2 Bg7 7. Be3 0-0 8. Qd2 Nc6 9. Nb3 a6 10. f3 b5 11. Bh6 Be6 12. Bxg7 Kxg7 13. h4 h5 14. g4 Bc4 15. g5 Nd7 16. f4 Bxe2 17. Kxe2 Nb6 18. f5 Nc4 19. Qf4 e6 20. Rad1 b4 21. Nc5 e5 22. Qf1 bxc3 23. bxc3 Qb6 24. f6+ Kg8 0-1

[Event "BCF-chT4 0708 (4NCL)"]
[Site "England"]
[Date "2008.05.05"]
[Round "11.4"]
[White "Burt, William"]
[Black "Heard, Andrew"]
[Result "0-1"]
[WhiteElo "2080"]
[BlackElo "2010"]
[PlyCount "46"]
[EventDate "2007.09.15"]
[EventType "team-swiss"]
[EventRounds "11"]
[EventCountry "ENG"]
[SourceTitle "EXT 2009"]
[Source "ChessBase"]
[SourceDate "2008.11.26"]
[SourceVersion "1"]
[SourceVersionDate "2008.11.26"]
[SourceQuality "1"]
[WhiteTeam "Oxford II"]
[BlackTeam "Southern Counties Stars"]
[WhiteTeamCountry "ENG"]
[BlackTeamCountry "ENG"]

1. e4 e5 2. f4 exf4 3. Bc4 Qh4+ 4. Kf1 d6 5. Nf3 Qh5 6. Nc3 Nf6 7. d4 g5 8. e5 Ng4 9. Nd5 Kd8 10. Qe1 Nc6 11. Qc3 dxe5 12. dxe5 Ngxe5 13. Nf6 Bb4 14. Qb3 Qg6 15. Nxe5 Nxe5 16. Nd5 Qe4 17. Qxb4 Nxc4 18. b3 Re8 19. h4 Qxd5 20. bxc4 Qd1+ 21. Kf2 Re2+ 22. Kf3 Re1+ 23. Kf2 Qe2# 0-1

[Event "BCF-chT4 0708 (4NCL)"]
[Site "England"]
[Date "2008.02.10"]
[Round "6.2"]
[White "Adams, Mark"]
[Black "Burt, William"]
[Result "1/2-1/2"]
[WhiteElo "2022"]
[BlackElo "2080"]
[PlyCount "68"]
[EventDate "2007.09.15"]
[EventType "team-swiss"]
[EventRounds "11"]
[EventCountry "ENG"]
[SourceTitle "EXT 2009"]
[Source "ChessBase"]
[SourceDate "2008.11.26"]
[SourceVersion "1"]
[SourceVersionDate "2008.11.26"]
[SourceQuality "1"]
[WhiteTeam "Pontypridd"]
[BlackTeam "Oxford II"]
[WhiteTeamCountry "ENG"]
[BlackTeamCountry "ENG"]

1. e4 e5 2. Nf3 Nc6 3. Bb5 a6 4. Ba4 Nf6 5. d3 Bc5 6. c3 0-0 7. 0-0 d6 8. h3 Bd7 9. Re1 Ba7 10. Nbd2 b5 11. Bc2 Qc8 12. Nf1 h6 13. Ng3 Kh8 14. Qe2 Rg8 15. Bb3 g5 16. Be3 Qf8 17. Nf5 Bxf5 18. exf5 g4 19. hxg4 Rxg4 20. Bxa7 Qg7 21. Qf1 Nxa7 22. g3 Nc6 23. Kh2 Ne7 24. Nh4 Rg8 25. Qh3 d5 26. Re2 Rg5 27. Rh1 c6 28. Bd1 Kh7 29. Rhe1 Ng4+ 30. Kg1 Nxf5 31. Nf3 Rg6 32. Nxe5 Rg5 33. Nf3 Rg6 34. Ne5 Rg5 1/2-1/2

[Event "BCF-chT4 0304 (4NCL)"]
[Site "West Bromwich "]
[Date "2004.05.29"]
[Round "7.5"]
[White "Burt, William"]
[Black "Furnevall, Mark"]
[Result "1-0"]
[WhiteElo "1928"]
[BlackElo "1736"]
[PlyCount "57"]
[EventDate "2003.10.??"]
[EventType "team"]
[EventRounds "11"]
[EventCountry "ENG"]
[SourceTitle "EXT 2005"]
[Source "ChessBase"]
[SourceDate "2004.11.15"]
[SourceVersion "1"]
[SourceVersionDate "2004.11.15"]
[SourceQuality "1"]
[WhiteTeam "Oxford II"]
[BlackTeam "Grendel's Mother"]
[WhiteTeamCountry "ENG"]
[BlackTeamCountry "ENG"]

1. e4 d6 2. Nc3 Nf6 3. d4 g6 4. Be2 Bg7 5. Be3 c6 6. f3 Qa5 7. Qd2 Nbd7 8. a4 0-0 9. Nh3 c5 10. 0-0 cxd4 11. Bxd4 a6 12. Rfd1 Qc7 13. Nf4 Re8 14. Ncd5 Qc6 15. Bb5 axb5 16. axb5 Rxa1 17. bxc6 Rxd1+ 18. Qxd1 bxc6 19. Nc7 Rf8 20. Bc3 Nc5 21. Qa1 Bd7 22. b4 Nb7 23. Na8 e5 24. Nb6 Be8 25. Nd3 Bh6 26. Kf2 Nd8 27. Nc8 Nb7 28. Ne7+ Kh8 29. Nxe5 1-0

[Event "BCF-chT4 0304 (4NCL)"]
[Site "West Bromwich "]
[Date "2003.11.22"]
[Round "1.2"]
[White "Moskovic, David M"]
[Black "Burt, William"]
[Result "1-0"]
[WhiteElo "2274"]
[BlackElo "1928"]
[PlyCount "112"]
[EventDate "2003.10.??"]
[EventType "team"]
[EventRounds "11"]
[EventCountry "ENG"]
[SourceTitle "EXT 2005"]
[Source "ChessBase"]
[SourceDate "2004.11.15"]
[SourceVersion "1"]
[SourceVersionDate "2004.11.15"]
[SourceQuality "1"]
[WhiteTeam "Cambridge"]
[BlackTeam "Oxford II"]
[WhiteTeamCountry "ENG"]
[BlackTeamCountry "ENG"]

1. e4 e5 2. Nf3 Nc6 3. Bb5 a6 4. Ba4 Nf6 5. 0-0 Nxe4 6. d4 exd4 7. Re1 d5 8. Nxd4 Bd6 9. Nxc6 Bxh2+ 10. Kh1 Qh4 11. Rxe4+ dxe4 12. Qd8+ Qxd8 13. Nxd8+ Kxd8 14. Kxh2 Be6 15. Nc3 c5 16. Nxe4 b5 17. Bg5+ Kc7 18. Nxc5 bxa4 19. Nxa4 Kc6 20. b3 f6 21. Be3 Rad8 22. Nc5 Bc8 23. c4 Rhe8 24. b4 Bb7 25. a4 Kc7 26. a5 Kb8 27. b5 Ka8 28. Rb1 Rc8 29. Nd7 Rcd8 30. Nc5 Rc8 31. bxa6 Bxg2 32. Nd7 Be4 33. Nb6+ Kb8 34. a7+ Kb7 35. a6+ Kxa6 36. Nxc8 Rxc8 37. Rb6+ Ka5 38. c5 Ra8 39. Bd2+ Ka4 40. Rb4+ Ka3 41. Rxe4 Rxa7 42. c6 Rc7 43. Re6 Ka4 44. Bf4 Rc8 45. c7 Kb5 46. Kh1 h5 47. Bh2 h4 48. Re1 Kc6 49. Rc1+ Kd7 50. Rd1+ Ke8 51. Kg2 g5 52. Rd5 Ke7 53. Kf3 Ke8 54. Kg4 Ke7 55. Kf5 Ra8 56. Rb5 Rc8 1-0